000 00525cam a2200169 4500500
005 20260405003921.0
041 _afre
042 _adc
100 1 0 _aLarmagnac-Matheron, Octave
_eauthor
245 0 0 _aPourquoi les insectes disparaissent
260 _c2025.
500 _a93
690 _aDisparition
690 _aInsectes
786 0 _nPhilosophie magazine | 190 | 6 | 2025-06-01 | p. 3-3 | 1951-1787
856 4 1 _uhttps://shs.cairn.info/magazine-philosophie-magazine-2025-6-page-3?lang=fr&redirect-ssocas=7080
999 _c2072088
_d2072089